Energies alternatives : 25 de maig de 1995 25 de maig de 1995
Publicado:
Barcelona :
Diputació de Barcelona. Àrea d'Acció Territorial i Medi Ambient. Servei de Medi Ambient, [1995]
Descripción Física:
[78] p. : map., gràf., taules ; 30 cm
Materias:
Energia -- Espanya -- Congressos
MARC
| LEADER | 00000nam a2200000Ia 4500 | ||
|---|---|---|---|
| 001 | 24344 | ||
| 003 | BGR | ||
| 005 | 20260324180611.0 | ||
| 008 | 160829s9999 xx 000 0 cat d | ||
| 080 | |a Bib-228 | ||
| 111 | |a Eficiència Energètica i Serveis Municipals. Jornada |9 70734 |c (Barcelona : |d 1995) | ||
| 245 | |a Energies alternatives : |b 25 de maig de 1995 | ||
| 260 | |a Barcelona : |b Diputació de Barcelona. Àrea d'Acció Territorial i Medi Ambient. Servei de Medi Ambient, [1995] | ||
| 300 | |a [78] p. : |b map., gràf., taules ; |c 30 cm | ||
| 590 | |a Text en català, algunes ponències en castellà | ||
| 650 | |a Energia |x Espanya |x Congressos |9 49737 | ||
| 710 | 1 | |a Barcelona (Catalunya : Província). |b Servei de Medi Ambient |9 53475 | |
| 901 | |a Arxiu | ||
| 942 | |n 1 |2 udc |c MON | ||
| 952 | |0 0 |1 0 |4 0 |6 BIB228 |7 1 |9 55556 |a Arxiu |b Arxiu |d 2016-12-01 |l 0 |o Bib-228 |p 24344 |r 2016-12-01 00:00:00 |w 2016-12-01 |y ARXIU | ||
| 999 | |c 59429 |d 59429 | ||